| 000 | 00388nam a2200121Ia 4500 | ||
|---|---|---|---|
| 008 | 241015s9999 xx 000 0 und d | ||
| 041 | _aeng | ||
| 082 | _a658.406 PER | ||
| 100 | _aPera Krishna | ||
| 245 | _aBig Data For Big Decisions [Printed Price]: Building A Data-Driven Organization Building A Data-Driven Organization | ||
| 260 |
_bCrc Press _aLondon _c2023 |
||
| 300 | _a249;. P. 22 cm | ||
| 999 |
_c41575 _d41575 |
||